Red Bull Skoki w Punkt 2026 - składy - Statystyki

Ogólne statystyki
  • Ten quiz został rozwiązany 28 razy
  • Średni wynik to 16 z 20
Statystyki odpowiedzi
Kapitan Skoczek narciarski % Poprawnych
Martin Schmitt Dawid Kubacki
100%
Thomas Morgenstern Paweł Wąsek
100%
Adam Małysz Piotr Żyła
100%
Martin Schmitt Anze Lanisek
92%
Andreas Goldberger Domen Prevc
92%
Janne Ahonen Maciej Kot
92%
Thomas Morgenstern Ryoyu Kobayashi
92%
Andreas Goldberger Aleksander Zniszczoł
85%
Adam Małysz Klemens Joniak
85%
Andreas Goldberger Alex Insam
77%
Martin Schmitt Andreas Wellinger
77%
Thomas Morgenstern Daniel Tschofenig
77%
Janne Ahonen Karl Geiger
77%
Janne Ahonen Kristoffer Eriksen Sundal
77%
Martin Schmitt Maruis Lindvik
77%
Adam Małysz Vladimir Zografski
77%
Adam Małysz Yevhen Marusiak
77%
Janne Ahonen Gregor Deschwanden
62%
Andreas Goldberger Valentin Foubert
62%
Thomas Morgenstern Tate Frantz
46%
Nie znaleziono quizów pasujących do podanych kryteriów
Rozkład punktacji
Procent ludzi z każdym wynikiem
Percentyl według liczby udzielonych odpowiedzi
Twoja historia wyników
Nie rozwiązałeś tego quizu